Introducción al lenguaje profesional de económicas y empresariales materiales complementarios para el módulo C
Gespeichert in:
| 1. Verfasser: | |
|---|---|
| Körperschaft: | |
| Weitere Verfasser: | , , , , |
| Format: | Buch |
| Sprache: | Spanisch |
| Veröffentlicht: |
Bratislava
Vydavateľstvo Ekonóm
1998
|
| Schlagworte: | |
| Tags: |
Keine Tags, Fügen Sie das erste Tag hinzu!
|
MARC
| LEADER | 00000nam a2200000 4500 | ||
|---|---|---|---|
| 001 | c102559 | ||
| 005 | 20221221082730.5 | ||
| 020 | |a 80-225-0981-7 | ||
| 041 | 0 | |a spa | |
| 044 | |a SK | ||
| 245 | 1 | 0 | |a Introducción al lenguaje profesional de económicas y empresariales |b materiales complementarios para el módulo C |c Jana Lenghardtová, Milada Pauleová, Jarmila Petričová, Cecilia Ruiz, Valéria Svobodová, Drahomíra Vernayová |
| 264 | 1 | |a Bratislava |b Vydavateľstvo Ekonóm |c 1998 | |
| 300 | |a [94] s. | ||
| 610 | 2 | 0 | |a ekonómia |
| 610 | 2 | 0 | |a terminológia |
| 100 | 1 | |a Lenghardtová, Jana | |
| 700 | 1 | |a Petričová, Jarmila | |
| 700 | 1 | |a Svobodová, Valéria | |
| 700 | 1 | |a Pauleová, Milada | |
| 700 | 1 | |a Vernayová, Drahomíra | |
| 700 | 1 | |a Ruiz, Cecilia | |
| 710 | 2 | |a Ekonomická univerzita v Bratislave. Ústav jazykov | |